Questions for the Vivas (Record no. 4088)

MARC details
000 -LEADER
fixed length control field 00536nam a22002057a 4500
003 - CONTROL NUMBER IDENTIFIER
control field OSt
005 - DATE AND TIME OF LATEST TRANSACTION
control field 20160518134120.0
008 - FIXED-LENGTH DATA ELEMENTS--GENERAL INFORMATION
fixed length control field 160518b xxu||||| |||| 00| 0 eng d
020 ## - INTERNATIONAL STANDARD BOOK NUMBER
International Standard Book Number 9780340812921
040 ## - CATALOGING SOURCE
Transcribing agency DNLM
082 ## - DEWEY DECIMAL CLASSIFICATION NUMBER
Classification number WB18 G186q 2004
100 ## - MAIN ENTRY--PERSONAL NAME
Personal name Garner, Jeff; Goodfellow, Peter
9 (RLIN) 8855
245 ## - TITLE STATEMENT
Title Questions for the Vivas
260 ## - PUBLICATION, DISTRIBUTION, ETC. (IMPRINT)
Place of publication, distribution, etc. London; Hodder Arnold, 2004
300 ## - PHYSICAL DESCRIPTION
Extent xiv,335p ill: 24cm
504 ## - BIBLIOGRAPHY, ETC. NOTE
Bibliography, etc Index included
650 ## - SUBJECT ADDED ENTRY--TOPICAL TERM
Topical term or geographic name as entry element Surgery Vivas
9 (RLIN) 8856
650 ## - SUBJECT ADDED ENTRY--TOPICAL TERM
Topical term or geographic name as entry element MRCS Surgery
9 (RLIN) 8857
942 ## - ADDED ENTRY ELEMENTS (KOHA)
Source of classification or shelving scheme Other/Generic Classification Scheme
Koha item type Open Shelf
Holdings
Withdrawn status Lost status Source of classification or shelving scheme Damaged status Not for loan Home library Current library Date acquired Source of acquisition Inventory number Total Checkouts Full call number Barcode Checked out Date last seen Date last checked out Koha item type Price effective from
    Other/Generic Classification Scheme     MUST Main Library MUST Main Library 18/05/2016   11/33028 1 WB18 G186q 2004 2016-1995 14/10/2021 30/09/2021 30/09/2021 Open Shelf  
    Other/Generic Classification Scheme     MUST Main Library MUST Main Library 12/08/2016   2011/35407   WB18 G186q 2004 2016-3576   12/08/2016   Open Shelf 12/08/2016